000 00361nam a2200157Ia 4500
008 210210b1946 xxu||||| |||| 00| 0 eng d
041 _aeng
082 _a825/632
100 _aORWELL (G)
245 _aCritical essays
260 _aLondon
_bNot Mentioned
_c1946
650 _aessays
650 _aCritical
690 _aEnglish Criticism
906 _a014948
999 _c134178
_d134178